| 000 | 00419nam a2200157Ia 4500 | ||
|---|---|---|---|
| 008 | 230711s9999||||xx |||||||||||||| ||und|| | ||
| 041 | _aENG | ||
| 082 |
_a621 _bRA-W |
||
| 100 | _aRappaport,Theodore S | ||
| 245 | 0 | _aWirless communications : principles and practice | |
| 250 | _a2nd Ed. | ||
| 260 |
_c2007 _aNew Delhi _bPHI Learning Private Limited |
||
| 300 | _a707 | ||
| 650 | _aElectronics Engineering | ||
| 942 | _cBK | ||
| 999 |
_c4556 _d4556 |
||